| Tag |
First Indicator |
Second Indicator |
Subfields |
| LEADER |
00000cam a2200000 4500 |
| 001 |
in00000721921 |
| 005 |
20151016064224.0 |
| 008 |
750711s1951 nyu b 00000beng u |
| 010 |
|
|
|a a 53009953
|
| 035 |
|
|
|a (OCoLC)01443249
|
| 035 |
|
|
|9 ADD8590AM
|
| 040 |
|
|
|c IVD
|d TXA
|d UtOrBLW
|
| 041 |
1 |
|
|a eng
|a und
|
| 049 |
|
|
|a TXAM
|c [215643]
|
| 050 |
0 |
0 |
|a BX4700.V6
|b C
|
| 090 |
|
|
|a BX4700.V6
|b C35
|
| 092 |
|
|
|a 922.2
|b V768c
|
| 100 |
1 |
|
|a Calvet, Jean,
|d 1874-1965.
|
| 245 |
1 |
0 |
|a Saint Vincent de Paul /
|c Translated by Lancelot C. Sheppard.
|
| 264 |
|
1 |
|a New York :
|b D. McKay,
|c [1951]
|
| 300 |
|
|
|a 302 pages ;
|c 22 cm.
|
| 336 |
|
|
|a text
|b txt
|2 rdacontent
|
| 337 |
|
|
|a unmediated
|b n
|2 rdamedia
|
| 338 |
|
|
|a volume
|b nc
|2 rdacarrier
|
| 504 |
|
|
|a "Bibliographical note": pages 296-298.
|
| 600 |
0 |
0 |
|a Vincent de Paul,
|c Saint,
|d 1581-1660.
|
| 999 |
|
|
|a MARS
|
| 999 |
f |
f |
|s 525e826a-bb00-382a-a329-9efa9c64f1c0
|i 8135f9b5-d24f-39b2-8830-b6c506c62f3a
|t 0
|
| 952 |
f |
f |
|p ric
|a Texas A&M University
|b Rellis Campus
|c Joint Library Facility
|d Remote Storage
|t 0
|e BX4700.V6 C35
|h Library of Congress classification
|i unmediated -- volume
|m A14801448266
|
| 998 |
f |
f |
|a BX4700.V6 C35
|t 0
|l Remote Storage
|